000 00649nab a2200193 4500
003 BR-BrBNA
005 20250720140133.0
008 250720b bl.||||| |||| 00| 0 por d
040 _aBR-BrBNA
_bpor
072 _aE20 ; H50
100 _aTaguchi, Viviane
245 _aO poder de Zeus
_bAgrofinanças
500 _a1 illus.; 1 graph
650 _aSEGURO RURAL
650 _aCATÁSTROFE NATURAL
773 0 _01706
_9347977
_dSão Paulo-SP Editora Três Ltda - E-mail: luizfsa@revistadinheiro.com.br 2004
_o2025-0476
_tDinheiro Rural (Brazil)
_x1807-3700
_gv. 6(72) p. 84-85; (Oct 2010)
_wBR2025003835
942 _cANA
999 _c333996
_d333996